000 00549 a2200229 4500
001 105455
020 _a0590972197
020 _a9780758725974 (Follett bdg.)
041 _apor
090 _aYear 2 398
092 _a96052781
100 _aAylesworth, Jim.
250 _a1st ed.
300 _a[32] p.
697 _aFairy tales.
697 _aFolklore.
856 _u000009/000009bf.jpeg
040 _aBR-BrIDEA
_cBR-BrIDEA
245 1 0 _aThe gingerbread man
_c Jim Aylesworth
260 _a[S.l.]
_bScholastic Press
_c1998
942 _cBK
999 _c105455
_d105455